Statistics for Words that end with ew

Click here to take the quiz!

General Stats

  • This quiz has been taken 58 times
  • The average score is 11 of 12

Answer Stats

HintAnswer% Correct
theres only a ___ minutes left in the gamefew
100%
he ___ the ball over the fencethrew
100%
on the balcony i have a really nice ___ of the cityview
98%
I want to get the __ iphone 14new
96%
dont talk while you ___ your foodchew
95%
the people that work on the ship are called the ___crew
91%
i want to drink some mountain __dew
91%
if you dont like a movie you might leave a bad _____review
91%
he ____ 5 inchesgrew
87%
he ____ a picturedrew
76%
to get a job you go to a ______interview
71%
this tool is called a ___driverscrew
65%

Score Distribution

Percentile by Number Answered

Percent of People with Each Score

Your Score History

You have not taken this quiz